Communes des Bouches-du-Rhône_Mort Subite - Statistiques

Statistiques générales
  • Ce quiz a été pris 50 fois
  • Le résultat moyen est 9 sur 20
Answers on the Grid
Answers color-coded by a green-red scale on the quiz's grid according to % correct below.
Cuges-les-Pins
Gordes
Allemagne-en-Provence
Vitrolles
Aureille
Bandol
Barjols
Graveson
Beaucaire
Ceyreste
Eyguières
Eyragues
Flayosc
Aigues-Mortes
Forcalquier
Fréjus
Allauch
Garéoult
Hyères
La Penne-sur-Huveaune
Lamanon
Le Thor
Cavaillon
Mallemort
Manduel
Sénas
Signes
Manosque
Marguerittes
Maussane-les-Alpilles
Miramas
Mouriès
Plan-d'Orgon
Remoulins
Rognac
Saint-Maximin-la-Sainte-Beaume
Saint-Mitre-les-Remparts
Salon-de-Provence
Ventabren
Volx
 
Statistiques - réponses
Réponse % Correct
Vitrolles
88%
Salon-de-Provence
61%
Cuges-les-Pins
58%
Allauch
55%
Miramas
55%
Rognac
55%
Ventabren
48%
Ceyreste
45%
Eyguières
45%
La Penne-sur-Huveaune
45%
Saint-Mitre-les-Remparts
42%
Mouriès
36%
Sénas
36%
Mallemort
33%
Eyragues
30%
Maussane-les-Alpilles
30%
Plan-d'Orgon
30%
Graveson
27%
Aureille
24%
Lamanon
24%
Aucun quiz correspondant
Distribution des résultats
% des personnes avec chaque résultat
Percentile par nombre de réponses
Votre historique - résultats
Vous n’avez pas pris ce quiz